[Event "7th Southwest Class Ch."]
[Site "Dallas"]
[Date "2016.02.11"]
[Round "1.27"]
[White "Wang, Michael"]
[Black "Polavaram, Rithik"]
[Result "0-1"]
[WhiteElo "2197"]
[BlackElo "1826"]
[PlyCount "82"]
[EventDate "2016.02.??"]
[EventType "swiss"]
[EventRounds "9"]
[EventCountry "USA"]

1. e4 e5 2. Nf3 Nc6 3. Bb5 a6 4. Ba4 Nf6 5. O-O Be7 6. Re1 b5 7. Bb3 d6 8. c3
O-O 9. h3 Bb7 10. d4 Re8 11. Nbd2 exd4 12. cxd4 Nd7 13. Nf1 Na5 14. Bc2 Bf6 15.
Qd3 g6 16. Bf4 Rc8 17. Rad1 Nc4 18. Bc1 c5 19. b3 Ncb6 20. dxc5 dxc5 21. a4 c4
22. bxc4 bxc4 23. Qa3 a5 24. Be3 Qc7 25. Nd4 Bxd4 26. Bxd4 Nc5 27. Ng3 Qc6 28.
Rb1 Nbd7 29. Qe3 Ne6 30. Ba1 Ba6 31. Qc3 f6 32. Qxa5 Nec5 33. Re3 Rb8 34. Rd1
Nb3 35. Bxb3 cxb3 36. Bb2 Ne5 37. Rc1 Nc4 38. Qc3 Red8 39. Rf3 Rd6 40. Ra1 Nxb2
41. Qxb2 Qc2 0-1

[Event "7th Southwest Class Ch."]
[Site "Dallas"]
[Date "2016.02.12"]
[Round "2.1"]
[White "Vazquez, Guillermo"]
[Black "Xiong, Jeffery"]
[Result "1/2-1/2"]
[WhiteElo "2400"]
[BlackElo "2588"]
[PlyCount "60"]
[EventDate "2016.02.??"]
[EventType "swiss"]
[EventRounds "9"]
[EventCountry "USA"]

1. e4 c5 2. Nf3 d6 3. d4 Nf6 4. dxc5 Nxe4 5. cxd6 Nc6 6. dxe7 Qxd1+ 7. Kxd1
Bxe7 8. Be3 O-O 9. Bd3 Nc5 10. Ke2 Nb4 11. Nc3 Ncxd3 12. cxd3 Bf5 13. Rhd1 Rad8
14. d4 Bf6 15. Rd2 Rfe8 16. Rad1 Be6 17. b3 Bf5 18. Ne5 h5 19. h3 Bxe5 20. dxe5
Rxd2+ 21. Rxd2 Rxe5 22. Kf3 Nc6 23. g4 Be6 24. Kg3 hxg4 25. hxg4 f6 26. Rd3 g5
27. f4 gxf4+ 28. Bxf4 Re1 29. Rd1 Rxd1 30. Nxd1 Kf7 {Game drawn} 1/2-1/2

[Event "7th Southwest Class Ch."]
[Site "Dallas"]
[Date "2016.02.12"]
[Round "2.2"]
[White "Stukopin, Andrey"]
[Black "Liang, Awonder"]
[Result "1/2-1/2"]
[WhiteElo "2582"]
[BlackElo "2379"]
[PlyCount "97"]
[EventDate "2016.02.??"]
[EventType "swiss"]
[EventRounds "9"]
[EventCountry "USA"]

1. e4 c5 2. Nf3 d6 3. d4 cxd4 4. Nxd4 Nf6 5. Nc3 a6 6. Be2 e5 7. Nb3 Be7 8. O-O
O-O 9. Kh1 Be6 10. f4 exf4 11. Bxf4 Nc6 12. Qd3 Ne5 13. Qg3 Ng6 14. Be3 b5 15.
Nd4 Qd7 16. Bd3 Ne5 17. Nf5 Bxf5 18. Rxf5 Kh8 19. Bd4 Qe6 20. Bxe5 dxe5 21.
Rxe5 Qd6 22. Rf1 g6 23. Nd5 Nxd5 24. Rxd5 Qxg3 25. hxg3 Kg7 26. g4 Rad8 27. a4
Rxd5 28. exd5 bxa4 29. Ra1 Rd8 30. Rxa4 Rxd5 31. Rxa6 Rd4 32. Be2 Bf6 33. b3
Re4 34. Bf3 Re1+ 35. Kh2 Be5+ 36. g3 Re3 37. Kg2 Rc3 38. Rc6 Rxc6 39. Bxc6 Kf6
40. Kf3 Ke6 41. g5 Kd6 42. Be8 f6 43. gxf6 Bxf6 44. Ke4 Kc5 45. Bf7 Bc3 46. Bg8
Be1 47. Kd3 Bxg3 48. Bxh7 Kb4 49. Bxg6 1/2-1/2

[Event "7th Southwest Class Ch."]
[Site "Dallas"]
[Date "2016.02.12"]
[Round "2.3"]
[White "Ruiz, Joshua"]
[Black "Indjic, Aleksandar"]
[Result "1/2-1/2"]
[WhiteElo "2371"]
[BlackElo "2562"]
[PlyCount "148"]
[EventDate "2016.02.??"]
[EventType "swiss"]
[EventRounds "9"]
[EventCountry "USA"]

1. e4 d5 2. exd5 Qxd5 3. Nc3 Qd6 4. d4 Nf6 5. Be2 c6 6. Bf3 Bf5 7. Nge2 e6 8.
O-O Be7 9. Bf4 Qd8 10. Re1 O-O 11. Ng3 Bg6 12. h4 h6 13. h5 Bh7 14. Qd2 Re8 15.
a3 Nbd7 16. Rad1 Bf8 17. Nce4 Bxe4 18. Nxe4 Nxe4 19. Rxe4 Nf6 20. Ree1 Nd5 21.
Be5 b5 22. c4 bxc4 23. Qc1 Qb6 24. Re2 Qb5 25. Rc2 Nb6 26. Bc7 Rac8 27. Bxb6
axb6 28. Rxc4 Red8 29. a4 Qb3 30. Bxc6 Rd6 31. Re1 Qd3 32. Re3 Qf5 33. Rec3
Rcd8 34. Bf3 Rxd4 35. Rxd4 Rxd4 36. Rc8 Qe5 37. b3 f5 38. Qc3 Kf7 39. Qc7+ Qxc7
40. Rxc7+ Kf6 41. Rc6 Rd2 42. Rxb6 Bc5 43. Rc6 Bxf2+ 44. Kf1 Bg3 45. Be2 Ke7
46. Bc4 e5 47. Rg6 f4 48. a5 Rf2+ 49. Kg1 Ra2 50. Kf1 Rxa5 51. Ke2 e4 52. Re6+
Kd7 53. Rxe4 Rxh5 54. Kf3 Rh1 55. Re6 g5 56. Rg6 Be1 57. Be6+ Kc7 58. Bh3 Bh4
59. Rxh6 Re1 60. Re6 Rb1 61. Re7+ Kc6 62. Re6+ Kd5 63. Rb6 Re1 64. b4 Re3+ 65.
Kg4 Rg3+ 66. Kh5 f3 67. Be6+ Ke5 68. gxf3 Rxf3 69. Bg4 Rf8 70. Rc6 Rb8 71. Rc4
Be1 72. Kxg5 Bxb4 73. Rc8 Bd2+ 74. Kh5 Rxc8 1/2-1/2

[Event "7th Southwest Class Ch."]
[Site "Dallas"]
[Date "2016.02.12"]
[Round "2.4"]
[White "Macieja, Bartlomiej"]
[Black "Hilby, Craig"]
[Result "1-0"]
[WhiteElo "2559"]
[BlackElo "2347"]
[PlyCount "85"]
[EventDate "2016.02.??"]
[EventType "swiss"]
[EventRounds "9"]
[EventCountry "USA"]

1. Nf3 Nf6 2. c4 c5 3. Nc3 Nc6 4. g3 d5 5. d4 cxd4 6. Nxd4 dxc4 7. Nxc6 Qxd1+
8. Nxd1 bxc6 9. Bg2 Nd5 10. Ne3 e6 11. Nxc4 Ba6 12. b3 Bb4+ 13. Bd2 Bxc4 14.
bxc4 Bxd2+ 15. Kxd2 Ne7 16. Rhb1 O-O-O+ 17. Kc2 Kc7 18. Rb3 Rb8 19. Rf3 f6 20.
Ra3 Rb7 21. Rd1 Rd8 22. Rxd8 Kxd8 23. f4 Kc7 24. Bh3 Nf5 25. Kc3 Kd6 26. Ra5
Ne7 27. c5+ Kd7 28. e4 f5 29. Bg2 fxe4 30. Bxe4 Nd5+ 31. Kd3 Nf6 32. Bf3 Rc7
33. Kc3 Rb7 34. Kd4 Rc7 35. Kc3 Rb7 36. Ra6 Nd5+ 37. Kd4 Ne7 38. Be4 h6 39. Ke5
Rc7 40. Ra5 Rb7 41. Ra6 Rc7 42. Ra3 Rb7 43. g4 1-0

[Event "7th Southwest Class Ch."]
[Site "Dallas"]
[Date "2016.02.12"]
[Round "2.5"]
[White "Sadorra, Julio"]
[Black "Panchanathan, Vignesh"]
[Result "1-0"]
[WhiteElo "2514"]
[BlackElo "2339"]
[PlyCount "57"]
[EventDate "2016.02.??"]
[EventType "swiss"]
[EventRounds "9"]
[EventCountry "USA"]

1. d4 d5 2. c4 c6 3. Nf3 Nf6 4. Nc3 e6 5. g3 dxc4 6. Bg2 b5 7. O-O Bb7 8. e4 b4
9. e5 Nd5 10. Ne4 a5 11. Re1 Ba6 12. Nfg5 h6 13. Qh5 Qd7 14. Nd6+ Bxd6 15. exd6
Nf6 16. Qh3 Kf8 17. Bf4 Kg8 18. Nf3 Nd5 19. Ne5 Nxf4 20. gxf4 Qxd6 21. f5 h5
22. fxe6 Qxe6 23. Qf3 Qf6 24. d5 cxd5 25. Qxd5 Ra7 26. Nxf7 Qxf7 27. Re8+ Kh7
28. Be4+ g6 29. Qxh5+ 1-0

[Event "7th Southwest Class Ch."]
[Site "Dallas"]
[Date "2016.02.12"]
[Round "2.6"]
[White "Niemann, Hans"]
[Black "Li, Ruifing"]
[Result "1/2-1/2"]
[WhiteElo "2320"]
[BlackElo "2483"]
[PlyCount "118"]
[EventDate "2016.02.??"]
[EventType "swiss"]
[EventRounds "9"]
[EventCountry "USA"]

1. d4 Nf6 2. c4 e6 3. Nc3 Bb4 4. Bg5 c5 5. d5 d6 6. e3 exd5 7. cxd5 Nbd7 8. Nf3
Qa5 9. Qb3 Nxd5 10. Rc1 N7b6 11. Nd2 O-O 12. a3 Nxc3 13. bxc3 Bxa3 14. Ra1 c4
15. Qxa3 Qxg5 16. Qxd6 Be6 17. Nf3 Qg6 18. Nd4 Rfd8 19. Qg3 Bd5 20. Qxg6 hxg6
21. f3 f6 22. Be2 Bf7 23. Kf2 Nd7 24. Rhb1 Nc5 25. Rb4 Rac8 26. Ke1 a6 27. Rb6
Kf8 28. e4 Ke8 29. f4 Nxe4 30. Bf3 Nc5 31. Bxb7 Rb8 32. Rab1 Rxb7 33. Rxb7 Nxb7
34. Rxb7 Ra8 35. Kd2 Kf8 36. g4 Kg8 37. h4 a5 38. Kc1 a4 39. Kb2 Re8 40. f5 Re4
41. fxg6 Bxg6 42. h5 Bf7 43. Nf5 Rxg4 44. h6 Rg5 45. Nxg7 Bg6 46. Ne6 Rg2+ 47.
Ka3 Bc2 48. Nf4 Rf2 49. Ne6 Rh2 50. Rb2 Rg2 51. Nf4 Rd2 52. Ne6 Rd6 53. Rxc2
Rxe6 54. Kxa4 Rb6 55. Ka5 Rb8 56. Rf2 Kf7 57. h7 Kg6 58. Rh2 Rh8 59. Kb5 Rxh7
1/2-1/2

[Event "7th Southwest Class Ch."]
[Site "Dallas"]
[Date "2016.02.12"]
[Round "2.7"]
[White "Prilleltensky, Matan"]
[Black "Kiewra, Keaton"]
[Result "0-1"]
[WhiteElo "2232"]
[BlackElo "2428"]
[PlyCount "97"]
[EventDate "2016.02.??"]
[EventType "swiss"]
[EventRounds "9"]
[EventCountry "USA"]

1. d4 Nf6 2. Bf4 d5 3. e3 c5 4. c3 Nc6 5. Nd2 Qb6 6. Qb3 g6 7. Ngf3 c4 8. Qc2
Bf5 9. Qc1 Qd8 10. h3 b5 11. Ne5 Nxe5 12. Bxe5 Bg7 13. Be2 O-O 14. Bd1 Nd7 15.
Bxg7 Kxg7 16. Nf3 Rb8 17. a3 a5 18. Bc2 Bxc2 19. Qxc2 Rb6 20. O-O f5 21. Qe2
Qb8 22. Qc2 Qd6 23. Rfd1 Ra8 24. Ne1 Raa6 25. Qd2 Nb8 26. Nc2 Nc6 27. Re1 b4
28. axb4 axb4 29. Rxa6 Rxa6 30. cxb4 Rb6 31. Ra1 Nxb4 32. Nxb4 Qxb4 33. Qxb4
Rxb4 34. Ra2 g5 35. Kf1 Rb3 36. Ke2 Kf6 37. Kf3 h5 38. g3 g4+ 39. Kg2 Rd3 40.
Ra6+ e6 41. h4 Rd1 42. Ra8 Rb1 43. Ra2 Ke7 44. Ra7+ Kd6 45. Ra6+ Kd7 46. Ra7+
Kd6 47. Rb7 Kc6 48. Rb4 Rc1 49. Kh2 {Black won on move 70} 0-1

[Event "7th Southwest Class Ch."]
[Site "Dallas"]
[Date "2016.02.12"]
[Round "2.8"]
[White "Brown, Michael"]
[Black "Webster, Brad"]
[Result "1-0"]
[WhiteElo "2424"]
[BlackElo "1792"]
[PlyCount "89"]
[EventDate "2016.02.??"]
[EventType "swiss"]
[EventRounds "9"]
[EventCountry "USA"]

1. d4 Nf6 2. c4 e6 3. Nc3 d5 4. cxd5 exd5 5. Bg5 Be7 6. e3 O-O 7. Bd3 h6 8. Bh4
b6 9. Nf3 Bb7 10. O-O Nbd7 11. Rc1 Rc8 12. Nb5 c5 13. Bf5 a6 14. Nc3 g6 15.
Bxf6 Bxf6 16. Bh3 Rb8 17. Bxd7 Qxd7 18. dxc5 bxc5 19. Ne4 Qe7 20. Nxc5 Bxb2 21.
Rc2 Bf6 22. Qd3 Bc6 23. Rfc1 Bb5 24. Qxd5 Rfd8 25. Qe4 Qd6 26. h3 Bc6 27. Qc4
Bb5 28. Qe4 Bc6 29. Qc4 Bb5 30. Qb3 Bc6 31. Qa3 Bb5 32. Qa5 Re8 33. a4 Bd8 34.
Qc3 Bf6 35. Qa5 Bd8 36. Qd2 Qxd2 37. Nxd2 Be2 38. Nde4 Bd3 39. Nxd3 Rxe4 40.
Rc8 Rxc8 41. Rxc8 Re8 42. Nb4 Kf8 43. Nxa6 Be7 44. Rc4 Ra8 45. Nc7 1-0

[Event "7th Southwest Class Ch."]
[Site "Dallas"]
[Date "2016.02.12"]
[Round "2.9"]
[White "Langer, Michael"]
[Black "Aponte, Felix"]
[Result "1-0"]
[WhiteElo "2198"]
[BlackElo "2409"]
[PlyCount "81"]
[EventDate "2016.02.??"]
[EventType "swiss"]
[EventRounds "9"]
[EventCountry "USA"]

1. e4 c5 2. Nf3 Nc6 3. d4 cxd4 4. Nxd4 e5 5. Nb5 d6 6. N1c3 a6 7. Na3 b5 8. Nd5
Nf6 9. c4 b4 10. Nxf6+ Qxf6 11. Nc2 Qe6 12. Ne3 Be7 13. Bd3 O-O 14. O-O Bg5 15.
Nf5 Bxc1 16. Rxc1 Qf6 17. Ne3 Be6 18. Qa4 Nd4 19. Qxb4 Rab8 20. Qa3 h5 21. Nc2
Nxc2 22. Rxc2 h4 23. h3 Rb6 24. b3 Bxh3 25. gxh3 Qf3 26. Be2 Qxe4 27. Qc1 d5
28. Kh2 Rg6 29. Rg1 d4 30. Qd2 Rxg1 31. Kxg1 Qf5 32. Bf1 Rd8 33. c5 e4 34. c6
d3 35. c7 Rc8 36. Rc4 Qg6+ 37. Bg2 f5 38. Qa5 Kf7 39. Rd4 d2 40. Qxd2 f4 41.
Rd7+ 1-0

[Event "7th Southwest Class Ch."]
[Site "Dallas"]
[Date "2016.02.12"]
[Round "2.10"]
[White "Serna, Jeffrey"]
[Black "Sheng, Joshua"]
[Result "0-1"]
[WhiteElo "2009"]
[BlackElo "2402"]
[PlyCount "72"]
[EventDate "2016.02.??"]
[EventType "swiss"]
[EventRounds "9"]
[EventCountry "USA"]

1. e4 e5 2. Nf3 Nc6 3. Nc3 Nf6 4. d4 Bb4 5. d5 Nb8 6. Bd3 Bxc3+ 7. bxc3 d6 8.
h3 O-O 9. O-O Nbd7 10. Qe2 Nc5 11. Nh2 Re8 12. Ng4 Nfxe4 13. Bxe4 f5 14. Bf3
fxg4 15. Bxg4 Bxg4 16. Qxg4 Qd7 17. Qc4 Qa4 18. Qe2 Qe4 19. Qxe4 Nxe4 20. c4
Nc3 21. Re1 Na4 22. Rb1 Nb6 23. Re4 Nd7 24. Re1 h6 25. Rb3 Rac8 26. Re2 Nf6 27.
Be3 Red8 28. Rd3 Kf7 29. Kf1 Rd7 30. Red2 g5 31. Kg1 Kg6 32. Rd1 h5 33. R1d2
Rf7 34. Re2 Rcf8 35. Bc1 g4 36. h4 Ne8 0-1

[Event "7th Southwest Class Ch."]
[Site "Dallas"]
[Date "2016.02.12"]
[Round "2.11"]
[White "Palavaram, Rithik"]
[Black "Holt, Conrad"]
[Result "0-1"]
[WhiteElo "1826"]
[BlackElo "2542"]
[PlyCount "72"]
[EventDate "2016.02.??"]
[EventType "swiss"]
[EventRounds "9"]
[EventCountry "USA"]

1. d4 d5 2. c4 c6 3. Nc3 dxc4 4. e3 b5 5. a4 b4 6. Ne4 Qd5 7. Ng3 Nf6 8. Be2
Ba6 9. e4 Nxe4 10. Bf3 f5 11. N1e2 g6 12. Nf4 Qf7 13. O-O Ng5 14. d5 Bb7 15.
Re1 Bg7 16. Ne6 Nxf3+ 17. Qxf3 cxd5 18. Nc7+ Kd7 19. Bg5 e5 20. Nxa8 Bxa8 21.
Rad1 Na6 22. Qe2 Rc8 23. b3 h6 24. Bc1 d4 25. Bb2 Nc5 26. f4 Nd3 27. fxe5 Nxe1
28. Rxe1 Qd5 29. bxc4 Rxc4 30. Rd1 Bxe5 31. Nf1 Qe4 32. Ne3 Bf4 33. Bc1 Rxc1
34. Rxc1 Qxe3+ 35. Qxe3 Bxe3+ 36. Kf1 Bxc1 0-1

[Event "7th Southwest Class Ch."]
[Site "Dallas"]
[Date "2016.02.12"]
[Round "2.12"]
[White "Mulyar, Michael"]
[Black "Franco, Eduardo"]
[Result "1-0"]
[WhiteElo "2408"]
[BlackElo "2167"]
[PlyCount "63"]
[EventDate "2016.02.??"]
[EventType "swiss"]
[EventRounds "9"]
[EventCountry "USA"]

1. d4 e6 2. Nf3 Nf6 3. c4 c5 4. Nc3 a6 5. g3 cxd4 6. Nxd4 Qc7 7. Bg2 Nc6 8. O-O
d6 9. Bg5 Be7 10. Rc1 Ne5 11. Bxf6 Bxf6 12. c5 dxc5 13. Ne4 Nd7 14. Nxf6+ gxf6
15. Nb3 Rb8 16. Nxc5 Nxc5 17. Qd4 b6 18. b4 e5 19. Qe3 Be6 20. bxc5 b5 21. Rfd1
O-O 22. Qh6 Qe7 23. c6 Rfd8 24. Rxd8+ Rxd8 25. g4 Bxg4 26. c7 Rc8 27. Rc3 Rxc7
28. Rg3 f5 29. h3 Rc4 30. hxg4 fxg4 31. Bd5 Rd4 32. e4 1-0

[Event "7th Southwest Class Ch."]
[Site "Dallas"]
[Date "2016.02.12"]
[Round "2.13"]
[White "Wang, Annie"]
[Black "Gu, Christopher"]
[Result "1/2-1/2"]
[WhiteElo "2138"]
[BlackElo "2337"]
[PlyCount "54"]
[EventDate "2016.02.??"]
[EventType "swiss"]
[EventRounds "9"]
[EventCountry "USA"]

1. d4 d5 2. c4 c6 3. Nc3 Nf6 4. Nf3 a6 5. cxd5 cxd5 6. Bf4 Nc6 7. Rc1 e6 8. e3
Be7 9. Bd3 O-O 10. Ne5 Nxe5 11. Bxe5 Bd7 12. O-O Bc6 13. Qe2 Bd6 14. Bxd6 Qxd6
15. Rc2 Rfc8 16. Rfc1 Qd8 17. Qd2 Qa5 18. Ne4 Qxd2 19. Nxd2 Bd7 20. Rc5 b6 21.
R5c3 a5 22. Nf3 Rxc3 23. Rxc3 Rc8 24. Rxc8+ Bxc8 25. Ne5 Ne4 26. Kf1 Nd6 27.
Ke2 f6 {[%emt 0:00:42] Drawn on move} 1/2-1/2

[Event "7th Southwest Class Ch."]
[Site "Dallas"]
[Date "2016.02.12"]
[Round "2.14"]
[White "Gorti, Akshita"]
[Black "Gutman, Joshua"]
[Result "1-0"]
[WhiteElo "2242"]
[BlackElo "2092"]
[PlyCount "77"]
[EventDate "2016.02.??"]
[EventType "swiss"]
[EventRounds "9"]
[EventCountry "USA"]

1. d4 d5 2. c4 c6 3. Nf3 Nf6 4. e3 e6 5. b3 c5 6. cxd5 Nxd5 7. Be2 cxd4 8. Nxd4
Bb4+ 9. Bd2 Be7 10. O-O O-O 11. Nc3 a6 12. Nxd5 exd5 13. Bf3 Nc6 14. Bc3 Qd6
15. Rc1 Ne5 16. Be2 Re8 17. Nf3 Nc6 18. Qd2 Bg4 19. Rfd1 Rad8 20. Nd4 Bxe2 21.
Qxe2 Qg6 22. Nxc6 bxc6 23. Qxa6 Bd6 24. Qd3 Qh5 25. h3 Re6 26. Kh1 Rde8 27. Bd4
Bc7 28. b4 Rg6 29. b5 Re4 30. f4 Rg3 31. Qf1 g5 32. Rxc6 g4 33. Kh2 Rgxe3 34.
Bxe3 Rxe3 35. Rxc7 gxh3 36. Rc8+ Kg7 37. gxh3 Re2+ 38. Kh1 Re3 39. Qg2+ 1-0

[Event "7th Southwest Class Ch."]
[Site "Dallas"]
[Date "2016.02.12"]
[Round "2.15"]
[White "Kelly, Joey"]
[Black "Toolin, Christopher"]
[Result "1/2-1/2"]
[WhiteElo "2016"]
[BlackElo "2241"]
[PlyCount "107"]
[EventDate "2016.02.??"]
[EventType "swiss"]
[EventRounds "9"]
[EventCountry "USA"]

1. d4 Nf6 2. c4 e6 3. Nf3 d5 4. Nc3 Bb4 5. Bg5 Nbd7 6. e3 c5 7. cxd5 exd5 8.
Bd3 Qa5 9. O-O c4 10. Bf5 O-O 11. Ne5 g6 12. Bxd7 Nxd7 13. Qf3 Nxe5 14. dxe5
Be6 15. a3 Bxc3 16. bxc3 f5 17. exf6 Qxc3 18. Qf4 Rf7 19. Rfd1 Re8 20. e4 dxe4
21. Qxe4 Qa5 22. h4 Qc5 23. Rab1 b6 24. Rbc1 b5 25. Re1 Rd7 26. Rcd1 Rxd1 27.
Rxd1 Bf7 28. Qb7 c3 29. Rd7 Qc4 30. Rc7 Qb3 31. Rc8 Qd1+ 32. Kh2 Qd6+ 33. g3
Qe5 34. Rxe8+ Qxe8 35. Qxa7 Qc8 36. Qb6 Bc4 37. Bh6 c2 38. f7+ Kxf7 39. Qa7+
Ke6 40. Qe3+ Kf7 41. Qa7+ Ke6 42. Qxh7 Bd3 43. Bc1 Qf8 44. Qa7 Qf5 45. Qb6+ Kd5
46. Bf4 Qxf4 47. Qb7+ Kd4 48. gxf4 c1=Q 49. Qg7+ Kd5 50. Qe5+ Kc6 51. Qe6+ Kc7
52. Qe7+ Kc8 53. Qe8+ Kc7 54. Qe7+ 1/2-1/2

[Event "7th Southwest Class Ch."]
[Site "Dallas"]
[Date "2016.02.12"]
[Round "2.16"]
[White "Ghatti, Sanjay"]
[Black "Haskin, Zachary"]
[Result "1/2-1/2"]
[WhiteElo "2172"]
[BlackElo "2004"]
[PlyCount "153"]
[EventDate "2016.02.??"]
[EventType "swiss"]
[EventRounds "9"]
[EventCountry "USA"]

1. e4 e6 2. d4 d5 3. Nd2 Nf6 4. e5 Nfd7 5. f4 c5 6. Ngf3 Nc6 7. Nb3 cxd4 8.
Nbxd4 Qb6 9. c3 Be7 10. Bd3 Nxd4 11. cxd4 g6 12. O-O Nb8 13. Kh1 Nc6 14. b3 Bd7
15. Be3 O-O-O 16. a4 Kb8 17. Qe2 h6 18. Rfc1 Rc8 19. Bd2 Nb4 20. a5 Qd8 21. Bb5
Bxb5 22. Qxb5 Qe8 23. Qf1 Qd7 24. Ra4 Na6 25. Rca1 Nc7 26. Bb4 Rhe8 27. Bxe7
Rxe7 28. Ne1 Na6 29. Nd3 Qb5 30. Nb4 Qxf1+ 31. Rxf1 Nxb4 32. Rxb4 Rc3 33. g4
Rec7 34. f5 Rc1 35. Rxc1 Rxc1+ 36. Kg2 Rc2+ 37. Kg3 Rc3+ 38. Kg2 Kc7 39. f6 Kc6
40. Kf2 Rc2+ 41. Ke3 Rxh2 42. Ra4 Rh3+ 43. Kf2 Rxb3 44. Ra1 Rb2+ 45. Kg3 Rb3+
46. Kg2 Rd3 47. Rc1+ Kd7 48. Rb1 Kc8 49. Rc1+ Kb8 50. Rh1 Rxd4 51. Rxh6 Rxg4+
52. Kf3 Rg5 53. Rh7 Rf5+ 54. Ke3 Rxe5+ 55. Kd4 Rf5 56. Rxf7 a6 57. Kc5 d4+ 58.
Kd6 e5 59. Ke6 Kc8 60. Kd6 Kb8 61. Rf8+ Ka7 62. Ke6 e4 63. Rd8 Rxa5 64. Rxd4
Rf5 65. Rxe4 Kb6 66. Ke7 Kc5 67. f7 b5 68. f8=Q Rxf8 69. Kxf8 a5 70. Ke7 b4 71.
Re5+ Kc4 72. Rxa5 b3 73. Ra8 Kc3 74. Rb8 b2 75. Kf6 Kc2 76. Rxb2+ Kxb2 77. Kxg6
1/2-1/2

[Event "7th Southwest Class Ch."]
[Site "Dallas"]
[Date "2016.02.12"]
[Round "2.17"]
[White "Xie, Tianning"]
[Black "Peng, Jason"]
[Result "0-1"]
[WhiteElo "1988"]
[BlackElo "2256"]
[PlyCount "102"]
[EventDate "2016.02.??"]
[EventType "swiss"]
[EventRounds "9"]
[EventCountry "USA"]

1. Nf3 d5 2. g3 Nf6 3. Bg2 e6 4. O-O Be7 5. c4 O-O 6. d4 c6 7. Qc2 b6 8. Nbd2
Bb7 9. e4 Nbd7 10. e5 Ne8 11. cxd5 cxd5 12. Re1 Nc7 13. Nf1 b5 14. h4 h6 15.
Bf4 Rc8 16. Qe2 b4 17. N3h2 Ba6 18. Qh5 Bd3 19. Bh3 Nb5 20. Be3 Rc2 21. Qd1 Bh7
22. Re2 Rc8 23. h5 Qb6 24. Ng4 Rc4 25. Rd2 Rfc8 26. b3 R4c6 27. Nxh6+ gxh6 28.
Bxh6 Bf8 29. Qg4+ Kh8 30. Bg5 Nc3 31. Bg2 Ne4 32. Bxe4 Bxe4 33. Qf4 Kg8 34. Bh4
Bg7 35. Re1 Rc1 36. Rxe4 dxe4 37. Kg2 Rxf1 38. h6 Rcc1 39. Qg5 Rg1+ 40. Kh3
Rh1+ 41. Kg4 Rxh4+ 42. Qxh4 Bxh6 43. Qxh6 Nf8 44. Re2 Rd1 45. Qg5+ Ng6 46. Rc2
Qxd4 47. Rc8+ Kh7 48. Rc7 Nxe5+ 49. Kh3 Rh1+ 50. Kg2 Rh2+ 51. Kxh2 Nf3+ 0-1

[Event "7th Southwest Class Ch."]
[Site "Dallas"]
[Date "2016.02.13"]
[Round "2.18"]
[White "Simms, Gary"]
[Black "Wang, Michael"]
[Result "0-1"]
[WhiteElo "2058"]
[BlackElo "2197"]
[PlyCount "68"]
[EventDate "2016.02.??"]
[EventType "swiss"]
[EventRounds "9"]
[EventCountry "USA"]

1. e4 c5 2. a3 e6 3. b4 cxb4 4. axb4 Bxb4 5. Bb2 Nf6 6. e5 Nd5 7. c4 Ne7 8. Nf3
Nbc6 9. h4 Qb6 10. Nc3 Nf5 11. Na4 Qc7 12. g4 Nfe7 13. h5 h6 14. Be2 Rg8 15.
Kf1 d6 16. exd6 Bxd6 17. d4 b6 18. Rc1 Bf4 19. Ra1 Bb7 20. Qb3 Na5 21. Qa2 Nxc4
22. Bxc4 Bxf3 23. Rh3 Qb7 24. d5 Bxd5 25. Rd3 g6 26. Nc3 Bg2+ 27. Ke1 gxh5 28.
Ba6 Qc7 29. Nb5 Qc6 30. Rad1 Bd5 31. Qa4 Rxg4 32. Bb7 Qxb7 33. Nd6+ Kf8 34.
Nxb7 Bd2+ 0-1

[Event "7th Southwest Class Ch."]
[Site "Dallas"]
[Date "2016.02.12"]
[Round "2.19"]
[White "Yanayt, Eugene"]
[Black "Green, Austen"]
[Result "0-1"]
[WhiteElo "2190"]
[BlackElo "2054"]
[PlyCount "68"]
[EventDate "2016.02.??"]
[EventType "swiss"]
[EventRounds "9"]
[EventCountry "USA"]

1. d4 f5 2. g3 Nf6 3. Bg2 g6 4. Nf3 Bg7 5. O-O O-O 6. c4 d6 7. Nc3 Qe8 8. d5 a5
9. Nd4 Na6 10. Rb1 Bd7 11. b3 c6 12. Bb2 Nc5 13. e3 Nce4 14. dxc6 bxc6 15. Qe2
e5 16. Nc2 g5 17. Rfd1 d5 18. Na4 Rb8 19. Ba3 g4 20. Bxf8 Bxf8 21. Qd3 Qh5 22.
Qf1 Ng5 23. Ne1 Nf3+ 24. Bxf3 gxf3 25. Nd3 f4 26. exf4 Bh3 27. Qe1 e4 28. Ne5
Bg2 29. Nc3 Bb4 30. a3 Bxc3 31. Qxc3 Qh3 32. Qe1 Re8 33. cxd5 Rxe5 34. dxc6
Qxh2+ 0-1

[Event "7th Southwest Class Ch."]
[Site "Dallas"]
[Date "2016.02.12"]
[Round "2.20"]
[White "Githero, Mbugua"]
[Black "Eckert, Doug"]
[Result "1-0"]
[WhiteElo "2042"]
[BlackElo "2190"]
[PlyCount "115"]
[EventDate "2016.02.??"]
[EventType "swiss"]
[EventRounds "9"]
[EventCountry "USA"]

1. e4 e5 2. Nf3 Nc6 3. Bc4 Bc5 4. c3 Nf6 5. d4 exd4 6. cxd4 Bb4+ 7. Bd2 Nxe4 8.
Bxb4 Nxb4 9. Bxf7+ Kxf7 10. Qb3+ Ke8 11. Qxb4 Qe7 12. Qxe7+ Kxe7 13. O-O Kd8
14. Re1 Nf6 15. Nc3 d6 16. h3 h6 17. d5 Bd7 18. Nd4 c6 19. Rad1 Nxd5 20. Nxd5
cxd5 21. Ne6+ Bxe6 22. Rxe6 Kd7 23. Rg6 Kc6 24. Rc1+ Kb5 25. Rxg7 b6 26. Rg6
Rac8 27. Rxc8 Rxc8 28. Rxd6 Kc4 29. g4 d4 30. Rxh6 Rd8 31. Rc6+ Kd3 32. g5 Ke2
33. Kg2 d3 34. Re6+ Kd1 35. Kf1 Rc8 36. g6 d2 37. h4 Kc2 38. Rd6 d1=Q+ 39. Rxd1
Kxd1 40. h5 Rg8 41. Kg2 Ke2 42. f4 Kd3 43. f5 Rh8 44. g7 Rxh5 45. g8=Q Rxf5 46.
Qh7 Ke4 47. Kg3 Ke5 48. Kg4 Rf4+ 49. Kg5 Rf2 50. Qxa7 Rg2+ 51. Kh4 Rg6 52. Kh5
Rc6 53. Qb7 Rd6 54. Kg5 Kd4 55. Kf5 Kc5 56. Ke5 Rd2 57. Qc8+ Kb5 58. a4+ 1-0

[Event "7th Southwest Class Ch."]
[Site "Dallas"]
[Date "2016.02.12"]
[Round "2.21"]
[White "Furfine, Jacob"]
[Black "Potula, Kapish"]
[Result "1-0"]
[WhiteElo "2181"]
[BlackElo "2042"]
[PlyCount "64"]
[EventDate "2016.02.??"]
[EventType "swiss"]
[EventRounds "9"]
[EventCountry "USA"]

1. d4 e6 2. c4 Nf6 3. g3 Be7 4. Bg2 d5 5. Nf3 O-O 6. O-O Nbd7 7. Nbd2 c5 8.
cxd5 Nxd5 9. Nb3 c4 10. Nbd2 Qc7 11. e4 Nb4 12. Qe2 b5 13. a4 bxa4 14. Rxa4 Nb6
15. Ra3 Rd8 16. Nb1 Nc6 17. Rc3 Bb4 18. Rc2 Nxd4 19. Nxd4 Rxd4 20. Be3 Rd8 21.
Nc3 Qe7 22. h4 Bb7 23. Nb5 Qd7 24. Nd4 Bc5 25. Rd2 Qe7 26. Rfd1 Rac8 27. Qg4
Bxd4 28. Bxd4 e5 29. Bxe5 f6 30. Bc3 Rxd2 31. Rxd2 Na4 32. Rd7 Qc5 1-0

[Event "7th Southwest Class Ch."]
[Site "Dallas"]
[Date "2016.02.12"]
[Round "2.22"]
[White "Acosta, Mariano"]
[Black "Bykovstev, Agata"]
[Result "0-1"]
[WhiteElo "2031"]
[BlackElo "2176"]
[PlyCount "112"]
[EventDate "2016.02.??"]
[EventType "swiss"]
[EventRounds "9"]
[EventCountry "USA"]

1. d4 Nf6 2. Nf3 g6 3. Bg5 Bg7 4. Nbd2 d6 5. e4 h6 6. Bh4 g5 7. Bg3 Nh5 8. c3
e6 9. e5 Nxg3 10. hxg3 dxe5 11. Nxe5 Nd7 12. f4 Nxe5 13. fxe5 Bd7 14. Qb3 Bc6
15. Bb5 Qd7 16. a4 a6 17. Bxc6 Qxc6 18. Nf3 g4 19. Nh4 Qe4+ 20. Kf2 O-O-O 21.
Rhe1 Qc6 22. Kg1 Rd7 23. Rf1 h5 24. Rae1 Bh6 25. Kh1 Bg5 26. Qa3 Re7 27. b4 Qd7
28. b5 a5 29. Re4 Qd8 30. Qa1 Qd5 31. Qb1 Bd2 32. Qd3 Bg5 33. Kg1 Qd8 34. Qe2
Rd7 35. Qe1 b6 36. Kh2 Qe7 37. Kg1 Rhd8 38. Qf2 Qa3 39. Qc2 Kb8 40. Kh2 Qe7 41.
Qf2 Rg8 42. Kg1 Rg7 43. Kh1 Rd8 44. Qe1 Qa3 45. Qa1 Qb3 46. Rf2 Qc4 47. Rfe2
Rdg8 48. Qe1 Qxa4 49. d5 Qxb5 50. dxe6 fxe6 51. Rd4 Bxh4 52. gxh4 g3 53. Red2
Rg4 54. R2d3 Rxd4 55. Rxd4 a4 56. Rb4 Qc6 0-1